| 000 | 00614nam a2200205 a 4500 | ||
|---|---|---|---|
| 005 | 20210223131304.0 | ||
| 008 | 100520s2007 mx r 000 0 spa d | ||
| 020 | _a9789689183129 | ||
| 035 | _aUPN01000175998 | ||
| 049 | _aCG | ||
| 050 | 4 |
_aJL1281 _bW6.2 |
|
| 100 | 1 |
_aWoldenberg, José, _d1952- |
|
| 245 | 1 | 3 |
_aEl cambio democrático y la educación cívica en México / _cJosé Woldenberg. |
| 260 |
_aMéxico : _bCal y arena _c2007. |
||
| 300 | _a175 p. | ||
| 650 | 4 |
_aDEMOCRATIZACION - _zMEXICO _94505 |
|
| 650 | 4 |
_aCULTURA POLITICA - _zMEXICO _912741 |
|
| 650 | 4 |
_aCIVISMO MEXICANO _910830 |
|
| 905 | _aLibro | ||
| 999 |
_c148101 _d148101 |
||